000 00240nam a2200097Ia 4500
008 240331s9999 xx 000 0 und d
082 _bSAR
100 _aSaravanan, N
245 0 _aElangai :
_barasiyal penkalum, penkalin arasiyalum
942 _cL
999 _c5565
_d5565